Du maintien de la nomenclature établie par M. Murchison / (Record no. 30219)
[ view plain ]
| 000 -LEADER | |
|---|---|
| campo de control de longitud fija | 00593nam a2200181 i 4500 |
| 001 - NÚMERO DE CONTROL | |
| campo de control | 30219 |
| 003 - IDENTIFICADOR DE NÚMERO DE CONTROL | |
| campo de control | ES-MaACL |
| 005 - FECHA Y HORA DE LA ÚLTIMA TRANSACCIÓN | |
| campo de control | 20230906154146.0 |
| 007 - CAMPO FIJO DE DESCRIPCIÓN FÍSICA--INFORMACIÓN GENERAL | |
| campo de control de longitud fija | t| |
| 008 - DATOS DE LONGITUD FIJA--INFORMACIÓN GENERAL | |
| campo de control de longitud fija | 030124s1880 fr ||||1| fre d |
| 100 1# - ENTRADA PRINCIPAL--NOMBRE DE PERSONA | |
| Nombre de persona | Barrande, Joachim. |
| 9 (RLIN) | 25849 |
| 245 13 - MENCIÓN DEL TÍTULO | |
| Título | Du maintien de la nomenclature établie par M. Murchison / |
| Mención de responsabilidad, etc. | par M. J. Barrande. |
| 260 ## - PUBLICACIÓN, DISTRIBUCIÓN, ETC. | |
| Lugar de publicación, distribución, etc. | Paris : |
| Nombre del editor, distribuidor, etc. | [s.n.], |
| Fecha de publicación, distribución, etc. | 1880 ( |
| Fabricante | Imp. Nationale) |
| 300 ## - DESCRIPCIÓN FÍSICA | |
| Extensión | 8 p. |
| 500 ## - NOTA GENERAL | |
| Nota general | Extrait des Comptes rendus des Congrès de l'Exposition de 1878. |
| 711 2# - ENTRADA AGREGADA--NOMBRE DE REUNIÓN | |
| Nombre de congreso/reunión o jurisdicción como elemento de entrada | Exposition Universelle ( |
| Fecha del congreso o de la firma del tratado | 1878. |
| Sede del congreso/Lugar de la reunión | Paris) |
| 9 (RLIN) | 135143 |
| 852 ## - LOCALIZACIÓN | |
| Ubicación | ES-MaACL |
| Número de control de estantería | T-903-F-1 |
| Estatus retirado | Estado de pérdida | Estado de daño | No para préstamo | Colección | Biblioteca de origen | Biblioteca actual | Ubicación en estantería | Fecha de adquisición | Fuente de adquisición | Total de préstamos | Signatura topográfica completa | Código de barras | Visto por última vez | Precio de reemplazo | Tipo de ítem Koha |
|---|---|---|---|---|---|---|---|---|---|---|---|---|---|---|---|
| Colección de folletos | Biblioteca del Ateneo de Madrid | Biblioteca del Ateneo de Madrid | Depósito folletos | 17/01/2008 | T-903-F-1 | 1031197 | 23/02/2023 | 23/02/2023 | Folleto |
